[Event "South-America-chT U14 22th"]
[Site "Medellin"]
[Date "2016.12.17"]
[Round "9.1"]
[White "Bronne, Alessandro"]
[Black "Camargo Picon, Josue Fernando"]
[Result "1/2-1/2"]
[WhiteElo "1482"]
[BlackElo "1910"]
[PlyCount "96"]
[EventDate "2016.12.12"]
[EventType "team-tourn"]
[EventRounds "9"]
[EventCountry "COL"]
[SourceTitle "EXT 2024"]
[Source "ChessBase"]
[SourceDate "2023.10.10"]
[SourceVersion "1"]
[SourceVersionDate "2023.10.10"]
[SourceQuality "1"]
[WhiteTeam "Surinam"]
[BlackTeam "Venezuela"]
[WhiteTeamCountry "SUR"]
[BlackTeamCountry "VEN"]

1. e4 d6 2. d4 Nf6 3. Nc3 g6 4. Be2 c6 5. Be3 Nbd7 6. Nf3 b5 7. a3 Bb7 8. 0-0 Bg7 9. h3 0-0 10. Qd2 a5 11. Bd3 Qc7 12. Bh6 b4 13. axb4 axb4 14. Ne2 c5 15. Bxg7 Kxg7 16. dxc5 dxc5 17. Ng3 Rfd8 18. Qe3 e5 19. Qg5 Kh8 20. Rxa8 Bxa8 21. Ra1 c4 22. Bxc4 Qxc4 23. Nxe5 Qe6 24. Nxd7 Qxd7 25. Qxf6+ Kg8 26. c3 bxc3 27. bxc3 Re8 28. Qf4 Qc6 29. Rc1 f5 30. f3 fxe4 31. Nxe4 Qb6+ 32. Kh1 Bxe4 33. fxe4 Qc6 34. c4 Rxe4 35. Qb8+ Re8 36. Qb3 Qc5 37. Qb5 Rc8 38. Qxc5 Rxc5 39. Kh2 Kf7 40. Kg3 Ke6 41. Kf3 Kd6 42. g4 h5 43. gxh5 Rxh5 44. c5+ Rxc5 45. Rxc5 Kxc5 46. Kf4 Kd6 47. Kg5 Ke7 48. Kxg6 Kf8 1/2-1/2

[Event "South-America-chT U14 22th"]
[Site "Medellin"]
[Date "2016.12.15"]
[Round "6.1"]
[White "Alvarado Munoz, Sebastian"]
[Black "Bronne, Alessandro"]
[Result "1/2-1/2"]
[WhiteElo "1699"]
[BlackElo "1482"]
[PlyCount "100"]
[EventDate "2016.12.12"]
[EventType "team-tourn"]
[EventRounds "9"]
[EventCountry "COL"]
[SourceTitle "EXT 2024"]
[Source "ChessBase"]
[SourceDate "2023.10.10"]
[SourceVersion "1"]
[SourceVersionDate "2023.10.10"]
[SourceQuality "1"]
[WhiteTeam "Chile"]
[BlackTeam "Surinam"]
[WhiteTeamCountry "CHI"]
[BlackTeamCountry "SUR"]

1. e4 c5 2. Nf3 d6 3. d4 cxd4 4. Nxd4 Nf6 5. Nc3 g6 6. Be3 Bg7 7. f3 0-0 8. Qd2 Nc6 9. Bc4 Bd7 10. 0-0-0 Rc8 11. Bb3 Ne5 12. h4 h5 13. g4 hxg4 14. Rdg1 e6 15. Bg5 Nc4 16. Bxc4 Rxc4 17. h5 Rxd4 18. Qxd4 Nxh5 19. Qxg7+ Kxg7 20. Bxd8 Rxd8 21. Rxg4 Nf6 22. Rgh4 Bc6 23. b3 d5 24. e5 Nh5 25. Ne2 Kf8 26. Nf4 Nxf4 27. Rxf4 Kg7 28. Rfh4 Rg8 29. Rh7+ Kf8 30. Rh8 Rxh8 31. Rxh8+ Kg7 32. Rh4 g5 33. Rg4 Kg6 34. Kd2 Kf5 35. Ke3 f6 36. exf6 Kxf6 37. f4 gxf4+ 38. Rxf4+ Ke5 39. Rh4 Kd6 40. Rh6 Ke5 41. Rh5+ Kd6 42. Kd4 a6 43. c3 Bd7 44. c4 dxc4 45. bxc4 Kc6 46. Ke5 Kc5 47. Rh7 Bc6 48. Rh4 b5 49. cxb5 Bxb5 50. Rh5 Kb4 1/2-1/2

[Event "South-America-chT U14 22th"]
[Site "Medellin"]
[Date "2016.12.13"]
[Round "2.1"]
[White "Bronne, Alessandro"]
[Black "Corredor Castellanos, Camilo"]
[Result "0-1"]
[WhiteElo "1482"]
[BlackElo "2119"]
[PlyCount "58"]
[EventDate "2016.12.12"]
[EventType "team-tourn"]
[EventRounds "9"]
[EventCountry "COL"]
[SourceTitle "EXT 2024"]
[Source "ChessBase"]
[SourceDate "2023.10.10"]
[SourceVersion "1"]
[SourceVersionDate "2023.10.10"]
[SourceQuality "1"]
[WhiteTeam "Surinam"]
[BlackTeam "Colombia"]
[WhiteTeamCountry "SUR"]
[BlackTeamCountry "COL"]

1. e4 c5 2. Nf3 e6 3. d4 cxd4 4. Nxd4 Nc6 5. Be3 Qc7 6. Nc3 a6 7. Bd3 b5 8. Nxc6 Qxc6 9. e5 Bb7 10. Be4 Qc7 11. Qf3 Bxe4 12. Nxe4 Rc8 13. Rd1 Qxe5 14. Bd4 Qf5 15. Nd6+ Bxd6 16. Qxf5 exf5 17. Bxg7 Be7 18. Bxh8 f6 19. Rd2 Kf7 20. 0-0 Nh6 21. Rxd7 Rxh8 22. Re1 Re8 23. h3 f4 24. Ra7 Nf5 25. Rxa6 Kg6 26. c3 Rd8 27. Rb6 Rd5 28. g4 fxg3 29. fxg3 Bc5+ 0-1